Mi primer libro de ropa (Registro nro. 47713)
[ vista simple ]
| 000 -LÍDER | |
|---|---|
| Campo fijo de descripción fija | 002460000a22001090004500 |
| 020 ## - NÚMERO INTERNACIONAL NORMALIZADO PARA LIBROS | |
| Número Internacional Normalizado del libro | 956-249-349-0 |
| 001 - NÚMERO DE CONTROL | |
| Campo de control | 498 |
| 245 10 - TÍTULO | |
| Título del Material | Mi primer libro de ropa |
| 260 ## - PUBLICACIÓN, DISTRIBUCIÓN, ETC. (PIE DE IMPRENTA) | |
| Lugar de publicación, distribución, etc. | Santiago: Salo Editores |
| 300 ## - DESCRIPCIÓN FÍSICA | |
| Extensión | [ 8 p. ] |
No hay ítems disponibles.
